Sports Quiz

Random Sports or MLB Quiz
Score 0/246 Timer 20:00
0 Plays Today
Hint Answer % Correct
MARLINSJosh Johnson
99.1%
MARLINSJosh Johnson
99.1%
DIAMONDBACKSRandy Johnson
99.1%
DIAMONDBACKSRandy Johnson
99.1%
DIAMONDBACKSRandy Johnson
99.1%
DIAMONDBACKSRandy Johnson
99.1%
DIAMONDBACKSRandy Johnson
99.1%
BRAVESJohn Smoltz
98.3%
BRAVESJohn Smoltz
98.3%
BRAVESJohn Smoltz
98.3%
BRAVESJohn Smoltz
98.3%
BRAVESJohn Smoltz
98.3%
BRAVESJohn Smoltz
98.3%
CARDINALSCarlos Martinez
97.8%
PIRATESGerrit Cole
97.8%
PIRATESGerrit Cole
97.8%
DODGERSSandy Koufax
97.8%
DODGERSSandy Koufax
97.8%
DODGERSSandy Koufax
97.8%
DODGERSSandy Koufax
97.8%
ASTROSGerrit Cole
97.8%
ASTROSGerrit Cole
97.8%
EXPOS/NATIONALSPedro Martinez
97.8%
EXPOS/NATIONALSPedro Martinez
97.8%
BRAVESGreg Maddux
97%
BRAVESGreg Maddux
97%
DODGERSClayton Kershaw
97%
DODGERSClayton Kershaw
97%
DODGERSClayton Kershaw
97%
REDSTom Seaver
96.5%
METSTom Seaver
96.5%
METSTom Seaver
96.5%
METSTom Seaver
96.5%
METSTom Seaver
96.5%
METSTom Seaver
96.5%
METSTom Seaver
96.5%
PHILLIESCurt Schilling
96.1%
PHILLIESCurt Schilling
96.1%
DIAMONDBACKSCurt Schilling
96.1%
DIAMONDBACKSCurt Schilling
96.1%
GIANTSTim Lincecum
95.7%
GIANTSTim Lincecum
95.7%
GIANTSTim Lincecum
95.7%
EXPOS/NATIONALSMax Scherzer
95.7%
EXPOS/NATIONALSMax Scherzer
95.7%
EXPOS/NATIONALSMax Scherzer
95.7%
EXPOS/NATIONALSMax Scherzer
95.7%
EXPOS/NATIONALSMax Scherzer
95.7%
CARDINALSBob Gibson
95.2%
CARDINALSBob Gibson
95.2%
CARDINALSBob Gibson
95.2%
CARDINALSBob Gibson
95.2%
CARDINALSBob Gibson
95.2%
CARDINALSBob Gibson
95.2%
CARDINALSBob Gibson
95.2%
CARDINALSBob Gibson
95.2%
ASTROSJusitn Verlander
94.8%
ASTROSJusitn Verlander
94.8%
CARDINALSAdam Wainwright
93.9%
CARDINALSAdam Wainwright
93.9%
CARDINALSAdam Wainwright
93.9%
CUBSKerry Wood
93.9%
CUBSKerry Wood
93.9%
CUBSKerry Wood
93.9%
CUBSKerry Wood
93.9%
METSDwight Gooden
93.5%
METSDwight Gooden
93.5%
METSDwight Gooden
93.5%
METSJacob deGrom
92.6%
METSJacob deGrom
92.6%
METSJacob deGrom
92.6%
PADRESJake Peavy
92.6%
PADRESJake Peavy
92.6%
PADRESJake Peavy
92.6%
CARDINALSSteve Carlton
92.2%
PHILLIESSteve Carlton
92.2%
PHILLIESSteve Carlton
92.2%
PHILLIESSteve Carlton
92.2%
PHILLIESSteve Carlton
92.2%
PHILLIESSteve Carlton
92.2%
MARLINSJose Fernandez
92.2%
MARLINSJose Fernandez
92.2%
Hint Answer % Correct
MARLINSAlex Fernandez
92.2%
CUBSFergie Jenkins
90.5%
CUBSFergie Jenkins
90.5%
CUBSFergie Jenkins
90.5%
CUBSFergie Jenkins
90.5%
CUBSFergie Jenkins
90.5%
EXPOS/NATIONALSStephen Strasburg
90.5%
EXPOS/NATIONALSStephen Strasburg
90.5%
GIANTSMadison Bumgarner
90%
GIANTSMadison Bumgarner
90%
DODGERSDon Drysdale
90%
DODGERSDon Drysdale
90%
DODGERSDon Drysdale
90%
CARDINALSChris Carpenter
89.6%
ASTROSNolan Ryan
89.2%
ASTROSNolan Ryan
89.2%
ASTROSNolan Ryan
89.2%
PADRESKevin Brown
89.2%
MARLINSKevin Brown
89.2%
BRAVESPhil Niekro
87%
BRAVESPhil Niekro
87%
BRAVESPhil Niekro
87%
CUBSMark Prior
87%
GIANTSChristy Mathewson
86.6%
GIANTSChristy Mathewson
86.6%
GIANTSChristy Mathewson
86.6%
PHILLIESCliff Lee
86.1%
GIANTSJuan Marichal
85.7%
GIANTSJuan Marichal
85.7%
GIANTSJuan Marichal
85.7%
CUBSJake Arrieta
85.3%
ASTROSJ.R. Richard
85.3%
ASTROSMike Scott
85.3%
ASTROSJ.R. Richard
85.3%
ASTROSMike Scott
85.3%
DODGERSFernando Valenzuela
83.1%
DODGERSFernando Valenzuela
83.1%
ROCKIESUbaldo Jimenez
83.1%
ROCKIESUbaldo Jimenez
83.1%
ROCKIESUbaldo Jimenez
83.1%
PHILLIESAaron Nola
81%
BREWERSBen Sheets
80.1%
REDSJohnny Cueto
79.7%
BRAVESVic Willis
76.2%
MARLINSDontrelle Willis
76.2%
DIAMONDBACKSZack Greinke
76.2%
DIAMONDBACKSZack Greinke
76.2%
BREWERSZack Greinke
76.2%
PIRATESA.J. Burnett
75.8%
PIRATESA.J. Burnett
75.8%
MARLINSA.J. Burnett
75.8%
MARLINSA.J. Burnett
75.8%
REDSJose Rijo
75.3%
GIANTSJason Schmidt
75.3%
METSR.A. Dickey
75.3%
GIANTSGaylord Perry
72.3%
GIANTSGaylord Perry
72.3%
CARDINALSSam Jones
71%
METSDavid Cone
71%
METSDavid Cone
71%
EXPOS/NATIONALSGio Gonzalez
70.6%
EXPOS/NATIONALSPatrick Corbin
69.7%
DIAMONDBACKSPatrick Corbin
69.7%
REDSMario Soto
67.5%
REDSMario Soto
67.5%
REDSMario Soto
67.5%
BRAVESJavier Vazquez
67.5%
EXPOS/NATIONALSJavier Vazquez
67.5%
EXPOS/NATIONALSJavier Vazquez
67.5%
REDSAaron Harang
66.7%
REDSAaron Harang
66.7%
PHILLIESJim Bunning
66.7%
PHILLIESJim Bunning
66.7%
PHILLIESJim Bunning
66.7%
BREWERSTeddy Higuera
66.7%
BREWERSTeddy Higuera
66.7%
BREWERSTeddy Higuera
66.7%
BREWERSYovani Gallardo
66.2%
BREWERSYovani Gallardo
66.2%
BREWERSYovani Gallardo
66.2%
BREWERSYovani Gallardo
66.2%
BRAVESKevin Millwood
63.2%
Hint Answer % Correct
ASTROSRoger Clemens
62.8%
PHILLIESPete Alexander
61%
PHILLIESPete Alexander
61%
CUBSYu Darvish
60.2%
ROCKIESJon Gray
59.3%
ROCKIESJon Gray
59.3%
BREWERSDoug Davis
58%
MARLINSAl Leiter
57.1%
ASTROSDon Wilson
56.7%
PADRESAndy Benes
56.7%
PIRATESOliver Perez
55%
ASTROSLarry Dierker
53.7%
DIAMONDBACKSRobbie Ray
53.2%
DIAMONDBACKSRobbie Ray
53.2%
DIAMONDBACKSRobbie Ray
53.2%
MARLINSRyan Dempster
51.5%
MARLINSRyan Dempster
51.5%
PIRATESFrancisco Liriano
51.1%
DODGERSDazzy Vance
50.6%
ASTROSDarryl Kile
50.2%
ROCKIESDarryl Kile
50.2%
MARLINSAnibal Sanchez
50.2%
ROCKIESKyle Freeland
49.8%
ROCKIESGerman Marquez
48.9%
ROCKIESGerman Marquez
48.9%
DIAMONDBACKSDan Haren
48.9%
DIAMONDBACKSDan Haren
48.9%
CARDINALSJack Flaherty
48.1%
ROCKIESJeff Francis
48.1%
PIRATESBob Friend
47.6%
PIRATESBert Blyleven
46.3%
PIRATESBob Veale
45.9%
PIRATESBob Veale
45.9%
PIRATESBob Veale
45.9%
PIRATESBob Veale
45.9%
PIRATESBob Veale
45.9%
ROCKIESJorge De La Rosa
45%
REDSJim Maloney
44.2%
REDSJim Maloney
44.2%
REDSJim Maloney
44.2%
REDSJim Maloney
44.2%
REDSEdinson Volquez
43.7%
PADRESIan Kennedy
43.7%
REDSLuis Castillo
41.6%
ROCKIESPedro Astacio
37.7%
ROCKIESPedro Astacio
37.7%
ROCKIESPedro Astacio
37.7%
ROCKIESTyler Anderson
36.8%
REDSGary Nolan
36.4%
PHILLIESChris Short
35.5%
PADRESTyson Ross
35.5%
PADRESTyson Ross
35.5%
EXPOS/NATIONALSBill Stoneman
33.3%
MARLINSRicky Nolasco
32.9%
MARLINSRicky Nolasco
32.9%
PADRESMat Latos
32%
PADRESMat Latos
32%
BREWERSChris Capuano
32%
BREWERSChris Capuano
32%
PADRESJames Shields
31.2%
PADRESSterling Hitchcock
30.7%
BREWERSChris Bosio
30.3%
BRAVESMike Foltynewicz
28.6%
DODGERSBill Singer
28.6%
PIRATESJameson Taillon
27.7%
CUBSMatt Clement
27.3%
CARDINALSJose DeLeon
26.4%
PIRATESKris Benson
26%
BREWERSCal Eldred
26%
EXPOS/NATIONALSJeff Fassero
25.5%
CUBSJeff Samardzija
25.1%
BREWERSJimmy Nelson
23.4%
GIANTSRube Marquard
22.5%
PADRESClay Kirby
22.1%
BRAVESTony Cloninger
19.9%
PADRESJoey Hamilton
18.6%
DODGERSVan Mungo
11.3%
MARLINSDan Straily
11.3%
REDSNoodles Hahn
10.4%
PIRATESLarry McWilliams
10.4%
PADRESPat Dobson
9.1%
CUBSTom Hughes
6.5%
Remove Ads.
Support Sporcle.
Get the best of Sporcle when you Go Orange. This ad-free experience offers more features, more stats, and more fun while also helping to support Sporcle. Thank you for becoming a member.

You're not logged in!

Compare scores with friends on all Sporcle quizzes.
OR
Log In

Show Comments

Extras

Top Quizzes Today


Score Distribution

Your Account Isn't Verified!

In order to create a playlist on Sporcle, you need to verify the email address you used during registration. Go to your Sporcle Settings to finish the process.

Report this User

Report this user for behavior that violates our Community Guidelines.

Details: